| 000 | 01127nam a22002777a 4500 | ||
|---|---|---|---|
| 003 | BR-ViAPE | ||
| 005 | 20260513125727.0 | ||
| 008 | 260513r18961996porabchgsw||| 000 0 por d | ||
| 020 | _q85-85146-03-6 | ||
| 040 | _cBR-ViAPE | ||
| 245 |
_aProjeto de um novo arrabalde: _b1896 |
||
| 246 |
_aProjecto de um novo arrabalde: _b1896 |
||
| 260 |
_aRio de Janeiro _bXerox do Brasil _c1996 |
||
| 260 |
_aVitória _bArquivo Público do Estado do Espírito Santo _c1996 |
||
| 300 |
_a73 p. _bil. _c28 cm. |
||
| 300 | _bLivro disponível em PDF | ||
| 490 |
_aColeção Canaã _vv. 2 |
||
| 500 | _aObra disponibilizada em PDF por integrar a Coleção Canaã do APEES. | ||
| 650 |
_aAbastecimento de água _xEngenharia sanitária _zVitória (ES) |
||
| 651 |
_aVitória (ES) _zEspírito Santo (Brasil) |
||
| 700 |
_aBrito, Francisco Saturino Rodrigues de _eautor |
||
| 710 | _aBiblioteca Reprográfica Xerox | ||
| 710 | _aArquivo Público do Estado do Espírito Santo | ||
| 856 |
_uhttps://ape.es.gov.br/Media/ape/PDF/Livros/Projecto%20de%20um%20Novo%20Arrabalde%201896.pdf _yCLIQUE AQUI PARA ACESSAR O DOCUMENTO |
||
| 942 |
_2ddc _cBK _n1 |
||
| 999 |
_c647 _d647 |
||